| 000 | 00667nam a2200205 a 4500 | ||
|---|---|---|---|
| 005 | 20210223125240.0 | ||
| 008 | 040120s2002 mx r 000 0 spa d | ||
| 020 | _a9508021403 | ||
| 035 | _aUPN01000131410 | ||
| 049 | _aCG | ||
| 050 | 4 |
_aHM598 _bZ3.3 |
|
| 100 | 1 | _aZabala Cubillos, Manuel Tiberio | |
| 245 | 1 | 0 |
_aBuscando un pensamiento colectivo social en Latinoamerica / _cManuel Tiberio Zabala Cubillos. |
| 260 |
_aBuenos Aires : _bEspacio, _c2002. |
||
| 300 | _a213 p. | ||
| 440 | 0 | _aCiencias sociales | |
| 650 | 4 |
_aSOCIOLOGIA - _zAMERICA LATINA - _xDISCURSOS, ENSAYOS, CONFERENCIAS |
|
| 650 | 4 |
_aCIENCIAS SOCIALES - _zAMERICA LATINA _96444 |
|
| 905 | _aLibro | ||
| 999 |
_c103565 _d103565 |
||